Normal view
MARC view
- Horrison, Robert Thornton
Entry Personal Name
001 - CONTROL NUMBER
- control field: 7174
003 - CONTROL NUMBER IDENTIFIER
- control field: OSt
005 - DATE AND TIME OF LATEST TRANSACTION
- control field: 20250218144114.0
008 - FIXED-LENGTH DATA ELEMENTS
- fixed length control field: 250218|| aca||aabn | a|a d
040 ## - CATALOGING SOURCE
- Original cataloging agency: OSt
- Transcribing agency: OSt
100 ## - HEADING--PERSONAL NAME
- Personal name: Horrison, Robert Thornton
670 ## - SOURCE DATA FOUND
- Source citation: Work cat.: (OSt)19405: Horrison, Robert Thornton, Organic Chemistry, 1999.
